000
00250nam a2200097Ia 4500
001
642489
005
20250826153527.0
008
250824s9999 xx 000 0 und d
245
0
_a
KAZAKLAR ANTİK YENİ
_c
TOLSTOY
260
_b
ANTİK DÜNYA KLASİKLERİ
999
_c
642489
_d
642489